| 000 | 00761nam a2200229Ii 4500 | ||
|---|---|---|---|
| 003 | JO-AjNU | ||
| 008 | 230605s9999||||xx |||||||||||||| ||und|| | ||
| 017 | _a2017/12/6232 | ||
| 020 | _a978-9957-00-688-4 | ||
| 040 |
_aJO-AjNU _bara _erda _cJO-AjNU |
||
| 041 | _aara | ||
| 050 | 1 | 4 | _aQC792.B322 2018 |
| 100 | 3 |
_aتاليف بدران، إبراهيم, _eauthor _958199 |
|
| 245 | 0 | 0 | _aالطاقة في عالم متغير |
| 250 | _aالطبعة العربية الاولى، الاصدار الاول | ||
| 264 | 3 | 1 | _aعمان: دار الشروق للنشر والتوزيع، 2018 |
| 300 | _a263ص | ||
| 336 |
_atext _btxt _2rdacontent |
||
| 337 |
_aunmediated _bn _2rdamedia |
||
| 338 |
_avolume _bnc _2rdacarrier |
||
| 650 | 4 |
_aالطاقة _958200 |
|
| 999 |
_aA26123 _c29691 _d29691 |
||